[Event "ROM-chT (Women)"]
[Site "Brasov"]
[Date "2011.10.15"]
[Round "8.2"]
[White "Moldovan, Corina"]
[Black "Bulmaga, Irina"]
[Result "1/2-1/2"]
[WhiteElo "2232"]
[BlackElo "2304"]
[PlyCount "94"]
[EventDate "2011.10.08"]
[EventType "team-tourn"]
[EventRounds "9"]
[EventCountry "ROU"]
[SourceTitle "CBM 144 Extra"]
[Source "ChessBase"]
[SourceDate "2011.10.28"]
[SourceVersion "1"]
[SourceVersionDate "2011.10.28"]
[SourceQuality "1"]
[WhiteTeam "Timisoara Medicina (W)"]
[BlackTeam "Iasi Politehnica (W)"]
[WhiteTeamCountry "ROU"]
[BlackTeamCountry "ROU"]

1. e4 c5 2. c3 Nf6 3. e5 Nd5 4. g3 d6 5. exd6 Qxd6 6. Bg2 Nc6 7. Ne2 Bf5 8. d4 cxd4 9. Nxd4 Qe5+ 10. Qe2 Qxe2+ 11. Nxe2 0-0-0 12. Nd2 e5 13. Nc4 Bd3 14. Ne3 Nb6 15. g4 h5 16. h3 h4 17. Bd2 Na4 18. b4 Nb6 19. Nc1 Bb5 20. Be4 g6 21. Bc2 Ne7 22. a4 Bc6 23. Rg1 Ned5 24. Nxd5 Nxd5 25. Ne2 Nf4 26. Nxf4 exf4 27. 0-0-0 Bg7 28. Bxf4 Bxc3 29. Rxd8+ Rxd8 30. b5 Bf3 31. Bg5 Rd4 32. Bxh4 f5 33. Bf6 Bd2+ 34. Kb2 Rb4+ 35. Ka3 fxg4 36. h4 Be4 37. Rxg4 Bxc2 38. Rxb4 Bxb4+ 39. Kxb4 Kd7 40. a5 a6 41. b6 Be4 42. Kc5 Ke6 43. Kd4 Bc6 44. Be5 Kf5 45. Bg3 Bf3 46. Kc5 Be4 47. Kd6 Bc6 1/2-1/2

[Event "ROM-chT (Women)"]
[Site "Baile Herculane"]
[Date "2010.09.10"]
[Round "7.31"]
[White "Moldovan, Corina"]
[Black "Vasilevich, Tatjana"]
[Result "0-1"]
[WhiteElo "2249"]
[BlackElo "2399"]
[PlyCount "130"]
[EventDate "2010.09.04"]
[EventType "team-tourn"]
[EventRounds "9"]
[EventCountry "ROU"]
[SourceTitle "EXT 2021"]
[Source "ChessBase"]
[SourceDate "2020.10.23"]
[SourceVersion "1"]
[SourceVersionDate "2020.10.23"]
[SourceQuality "1"]

1. e4 c5 2. c3 Nf6 3. e5 Nd5 4. g3 d6 5. exd6 e6 6. Bg2 Bxd6 7. Nf3 Nc6 8. d4 0-0 9. 0-0 Bd7 10. Nbd2 cxd4 11. Ne4 Be7 12. Nxd4 Qb6 13. Nf3 Rfd8 14. Qe2 Rac8 15. Re1 Be8 16. c4 Nf6 17. Be3 Qb4 18. a3 Qb3 19. Nxf6+ Bxf6 20. Rab1 b6 21. Nd2 Qa4 22. Ne4 Bd4 23. c5 Bxe3 24. Qxe3 Nd4 25. Qg5 h6 26. Qe7 Nf5 27. Qb7 Bc6 28. Nc3 Bxb7 29. Nxa4 Bxg2 30. Kxg2 b5 31. Nc3 Rxc5 32. Rbd1 Rd4 33. Rxd4 Nxd4 34. Rd1 e5 35. f4 f6 36. Kf2 Kf7 37. fxe5 fxe5 38. Ke3 Ke6 39. Rf1 a5 40. Rf8 b4 41. axb4 axb4 42. Re8+ Kf5 43. Rf8+ Kg6 44. Ne4 Rc2 45. Rf2 Rc1 46. Nd6 b3 47. Kd3 Nc6 48. Ne4 Nb4+ 49. Ke3 Re1+ 50. Re2 Nc2+ 51. Kd3 Rd1+ 52. Nd2 Nd4 53. Rf2 Kg5 54. Kc4 Rc1+ 55. Kd5 Rc2 56. Ne4+ Kg4 57. Kxe5 Nf3+ 58. Kd5 Nxh2 59. Rxc2 bxc2 60. Nf2+ Kf3 61. Nd3 Ke3 62. Kc4 Nf3 63. Kc3 Ne1 64. Nc1 h5 65. b4 g5 0-1

[Event "ROM-chT (Women)"]
[Site "Baile Herculane"]
[Date "2010.09.05"]
[Round "2.11"]
[White "Ionescu, Irina"]
[Black "Moldovan, Corina"]
[Result "1/2-1/2"]
[WhiteElo "2272"]
[BlackElo "2249"]
[PlyCount "36"]
[EventDate "2010.09.04"]
[EventType "team-tourn"]
[EventRounds "9"]
[EventCountry "ROU"]
[SourceTitle "EXT 2021"]
[Source "ChessBase"]
[SourceDate "2020.10.23"]
[SourceVersion "1"]
[SourceVersionDate "2020.10.23"]
[SourceQuality "1"]

1. e4 c5 2. Nf3 d6 3. Bb5+ Bd7 4. Bxd7+ Qxd7 5. c4 Nf6 6. Nc3 g6 7. 0-0 Bg7 8. d4 cxd4 9. Nxd4 0-0 10. f3 Rc8 11. b3 d5 12. exd5 Nxd5 13. Nxd5 e6 14. Be3 exd5 15. cxd5 Qxd5 16. Qd2 Re8 17. Rad1 Nc6 18. Nxc6 Qxc6 1/2-1/2

[Event "ROM-ch (Women)"]
[Site "Baile Olanesti"]
[Date "2010.02.05"]
[Round "7"]
[White "Moldovan, Corina"]
[Black "Anusca, Madalina Maria"]
[Result "1/2-1/2"]
[WhiteElo "2257"]
[BlackElo "2024"]
[PlyCount "53"]
[EventDate "2010.01.31"]
[EventType "swiss"]
[EventRounds "9"]
[EventCountry "ROU"]
[SourceTitle "CBM 134 Extra"]
[Source "ChessBase"]
[SourceDate "2010.03.03"]
[SourceVersion "1"]
[SourceVersionDate "2010.03.03"]
[SourceQuality "1"]

1. e4 c5 2. c3 Nf6 3. e5 Nd5 4. d4 cxd4 5. Nf3 Nc6 6. Bc4 e6 7. cxd4 d6 8. Qe2 dxe5 9. dxe5 Be7 10. 0-0 0-0 11. Nc3 Nxc3 12. bxc3 Qa5 13. Bd2 Rd8 14. Rab1 a6 15. Rfe1 Bf8 16. Bb3 Ne7 17. Nd4 Nf5 18. Nf3 Bd7 19. Rbd1 Ba4 20. Qe4 Bxb3 21. axb3 Qd5 22. Qc2 Qc6 23. Bg5 Be7 24. Bxe7 Nxe7 25. Nd4 Qc7 26. c4 Rd7 27. Nf3 1/2-1/2

[Event "ROM-chT (Women)"]
[Site "Eforie Nord"]
[Date "2009.09.25"]
[Round "7"]
[White "Moldovan, Corina"]
[Black "Voiska, Margarita"]
[Result "1-0"]
[WhiteElo "2226"]
[BlackElo "2335"]
[PlyCount "85"]
[EventDate "2009.09.19"]
[EventType "team"]
[EventRounds "9"]
[EventCountry "ROU"]
[SourceTitle "CBM 132 Extra"]
[Source "ChessBase"]
[SourceDate "2009.11.03"]
[SourceVersion "1"]
[SourceVersionDate "2009.11.03"]
[SourceQuality "1"]

1. e4 d6 2. d4 g6 3. Nf3 Bg7 4. Be2 Nf6 5. Nc3 0-0 6. 0-0 c6 7. a4 Qc7 8. Be3 Nbd7 9. Nd2 b6 10. f4 Bb7 11. e5 Nd5 12. Nxd5 cxd5 13. c3 a6 14. h4 dxe5 15. fxe5 f6 16. exf6 Rxf6 17. Nf3 Rff8 18. Ng5 Qg3 19. Bf2 Qd6 20. Bg4 Rf6 21. Qe1 Nf8 22. Bg3 Rxf1+ 23. Kxf1 e5 24. Nf3 Re8 25. Bxe5 Qc6 26. Qf2 Bc8 27. Bxc8 Qxc8 28. Bxg7 Kxg7 29. Ne5 Re7 30. Kg1 Nd7 31. Rf1 Qe8 32. Nxd7 Rxd7 33. Qf6+ Kh6 34. Qxb6 Re7 35. Qf6 Re2 36. Rf2 Qe3 37. Qg5+ Kg7 38. Qf6+ Kh6 39. Qg5+ Kg7 40. Qxe3 Rxe3 41. Kf1 Re4 42. g3 Kh6 43. Re2 1-0

[Event "ROM-chT (Women)"]
[Site "Eforie Nord"]
[Date "2009.09.24"]
[Round "6"]
[White "Arakhamia Grant, Ketevan"]
[Black "Moldovan, Corina"]
[Result "1-0"]
[WhiteElo "2499"]
[BlackElo "2226"]
[PlyCount "38"]
[EventDate "2009.09.19"]
[EventType "team"]
[EventRounds "9"]
[EventCountry "ROU"]
[SourceTitle "CBM 132 Extra"]
[Source "ChessBase"]
[SourceDate "2009.11.03"]
[SourceVersion "1"]
[SourceVersionDate "2009.11.03"]
[SourceQuality "1"]

1. e4 c5 2. Nf3 d6 3. d4 cxd4 4. Nxd4 Nf6 5. Nc3 Nc6 6. Bg5 e6 7. Qd2 a6 8. 0-0-0 Bd7 9. f3 Rc8 10. Kb1 Qc7 11. Nxc6 Bxc6 12. Bd3 Be7 13. h4 h6 14. Be3 h5 15. Bg5 b5 16. Ne2 Bb7 17. Nd4 g6 18. Bxb5+ axb5 19. Nxb5 Qxc2+ 1-0

[Event "ROM-chT (Women)"]
[Site "Eforie Nord"]
[Date "2009.09.23"]
[Round "5"]
[White "Moldovan, Corina"]
[Black "Craciun, Paula Iulia"]
[Result "1-0"]
[WhiteElo "2226"]
[BlackElo "2154"]
[PlyCount "99"]
[EventDate "2009.09.19"]
[EventType "team"]
[EventRounds "9"]
[EventCountry "ROU"]
[SourceTitle "CBM 132 Extra"]
[Source "ChessBase"]
[SourceDate "2009.11.03"]
[SourceVersion "1"]
[SourceVersionDate "2009.11.03"]
[SourceQuality "1"]

1. e4 g6 2. d4 Bg7 3. Nf3 c5 4. c3 cxd4 5. cxd4 d5 6. exd5 Nf6 7. Bb5+ Bd7 8. Bc4 0-0 9. Nc3 Bg4 10. h3 Bc8 11. Ne5 Nbd7 12. Bb3 Nb6 13. Qf3 Ne8 14. 0-0 Nd6 15. Bf4 Bd7 16. Rfe1 Be8 17. Rad1 Rc8 18. Qe2 a6 19. a4 Nf5 20. Nf3 Bf6 21. g4 Nh4 22. Ne5 g5 23. Bg3 Ng6 24. Qe4 Kg7 25. Re3 Rh8 26. Rf3 h5 27. Nxg6 fxg6 28. Be5 Bf7 29. Qe3 hxg4 30. hxg4 Nxd5 31. Qxg5 Nxc3 32. Bxf7 Ne2+ 33. Kf1 Kxf7 34. Kxe2 Kg7 35. Qe3 Rc2+ 36. Rd2 Rxd2+ 37. Qxd2 Qd5 38. Qe3 Qc4+ 39. Kd2 Rh1 40. Bxf6+ exf6 41. Qe7+ Kg8 42. Qd8+ Kh7 43. Rc3 Qf1 44. Qe7+ Kh6 45. g5+ Kh5 46. Qh7+ Kg4 47. Rg3+ Kf4 48. Qc7+ Kf5 49. Qd7+ Ke4 50. f3+ 1-0

[Event "ROM-chT (Women)"]
[Site "Eforie Nord"]
[Date "2009.09.21"]
[Round "3"]
[White "Moldovan, Corina"]
[Black "Zdebskaja, Natalia"]
[Result "1/2-1/2"]
[WhiteElo "2226"]
[BlackElo "2410"]
[PlyCount "63"]
[EventDate "2009.09.19"]
[EventType "team"]
[EventRounds "9"]
[EventCountry "ROU"]
[SourceTitle "CBM 132 Extra"]
[Source "ChessBase"]
[SourceDate "2009.11.03"]
[SourceVersion "1"]
[SourceVersionDate "2009.11.03"]
[SourceQuality "1"]

1. e4 c5 2. c3 d5 3. exd5 Qxd5 4. d4 Nf6 5. Nf3 Bg4 6. Nbd2 Nc6 7. Bc4 Bxf3 8. Qb3 Na5 9. Qb5+ Qd7 10. Nxf3 Nxc4 11. Qxc4 cxd4 12. Nxd4 e6 13. Bg5 Be7 14. 0-0 0-0 15. Nf3 Rad8 16. Rfe1 h6 17. Be3 Nd5 18. Rad1 Nxe3 19. Rxd7 Nxc4 20. Rxe7 Nxb2 21. Rxb7 Nd3 22. Reb1 a6 23. Ra7 Nc5 24. Nd4 Rc8 25. f3 Rfd8 26. Kf1 Rd6 27. Rb4 e5 28. Nb3 Ne6 29. c4 f5 30. c5 Nxc5 31. Rc4 Nd3 32. Rb4 1/2-1/2

[Event "ROM-ch (Women)"]
[Site "Eforie Nord"]
[Date "2009.02.06"]
[Round "6"]
[White "Moldovan, Corina"]
[Black "Florea, Dorina"]
[Result "1-0"]
[WhiteElo "2226"]
[BlackElo "1953"]
[PlyCount "59"]
[EventDate "2009.01.31"]
[EventType "swiss"]
[EventRounds "9"]
[EventCountry "ROU"]
[SourceTitle "CBM 128 Extra"]
[Source "ChessBase"]
[SourceDate "2009.03.05"]
[SourceVersion "2"]
[SourceVersionDate "2009.03.25"]
[SourceQuality "1"]

1. e4 c5 2. Nf3 d6 3. Bc4 Nf6 4. d3 Nc6 5. c3 Bd7 6. Bb3 e6 7. 0-0 Be7 8. Re1 0-0 9. d4 cxd4 10. cxd4 d5 11. e5 Ne4 12. Nc3 Nxc3 13. bxc3 Na5 14. Bc2 g6 15. Bh6 Re8 16. Qd2 Bf8 17. Qf4 Bg7 18. Ng5 f6 19. Nxh7 Kxh7 20. Bxg7 Kxg7 21. exf6+ Qxf6 22. Qc7 Qd8 23. Qe5+ Qf6 24. Qc7 Qd8 25. Qg3 Qf6 26. Re3 g5 27. Rf3 Qd8 28. Qe5+ Kg8 29. Rh3 Rf8 30. Qh8+ 1-0

[Event "ROM-ch (Women)"]
[Site "Eforie Nord"]
[Date "2009.02.02"]
[Round "3"]
[White "Foisor, Mihaela Veronica"]
[Black "Moldovan, Corina"]
[Result "1/2-1/2"]
[WhiteElo "2099"]
[BlackElo "2226"]
[PlyCount "46"]
[EventDate "2009.01.31"]
[EventType "swiss"]
[EventRounds "9"]
[EventCountry "ROU"]
[SourceTitle "CBM 128 Extra"]
[Source "ChessBase"]
[SourceDate "2009.03.05"]
[SourceVersion "2"]
[SourceVersionDate "2009.03.25"]
[SourceQuality "1"]

1. d4 Nf6 2. c4 c5 3. d5 b5 4. cxb5 a6 5. bxa6 Bxa6 6. Nc3 g6 7. e4 Bxf1 8. Kxf1 d6 9. g3 Bg7 10. Kg2 Nbd7 11. Nf3 0-0 12. Re1 Ra6 13. h3 Qa8 14. Re2 Rb8 15. Bg5 h6 16. Bf4 Rb4 17. Kh2 Nh5 18. Be3 Kh7 19. Qc2 Qb8 20. Rd1 Nhf6 21. Bf4 Ne8 22. Rde1 Rab6 23. Nd1 Nc7 1/2-1/2

[Event "ROM-ch (Women)"]
[Site "Eforie Nord"]
[Date "2009.02.01"]
[Round "2"]
[White "Moldovan, Corina"]
[Black "Vasile, Teodora"]
[Result "1-0"]
[WhiteElo "2226"]
[BlackElo "1963"]
[PlyCount "107"]
[EventDate "2009.01.31"]
[EventType "swiss"]
[EventRounds "9"]
[EventCountry "ROU"]
[SourceTitle "CBM 128 Extra"]
[Source "ChessBase"]
[SourceDate "2009.03.05"]
[SourceVersion "2"]
[SourceVersionDate "2009.03.25"]
[SourceQuality "1"]

1. e4 e5 2. Nf3 d6 3. d4 Nf6 4. Nc3 Nbd7 5. g3 Be7 6. Bg2 c6 7. a4 a5 8. 0-0 Qc7 9. b3 0-0 10. Ba3 Re8 11. Qd2 Nf8 12. h3 Bd7 13. Rad1 Rad8 14. Bb2 Bc8 15. Qc1 Ng6 16. Rfe1 h6 17. Qa1 Nh7 18. dxe5 dxe5 19. Nd2 Bc5 20. Nc4 Be6 21. Ne3 Bxe3 22. Rxe3 f6 23. Red3 Rxd3 24. Rxd3 Rd8 25. Qd1 Rxd3 26. Qxd3 Qd7 27. Qxd7 Bxd7 28. Nd1 Be6 29. Ba3 Nhf8 30. Ne3 Kf7 31. h4 Nd7 32. Bf1 Ngf8 33. Nc4 Bxc4 34. Bxc4+ Ke8 35. Kf1 Nb6 36. Bg8 Nfd7 37. Ke2 Kd8 38. Bf7 Nc8 39. Be6 Ncb6 40. Kf3 Ke8 41. Kg4 Nf8 42. Bg8 Nbd7 43. Kf3 Nb6 44. Bd6 Nbd7 45. Bc7 b6 46. Bd6 Ng6 47. Be6 Ngf8 48. Bc4 Ng6 49. Ba6 c5 50. Ke3 Nh8 51. Bc7 Nf7 52. Bb5 Ke7 53. Bxd7 Kxd7 54. Bxb6 1-0

[Event "ROM-ch (Women)"]
[Site "Eforie Nord"]
[Date "2009.01.31"]
[Round "1"]
[White "Nagy, Erika Izabella"]
[Black "Moldovan, Corina"]
[Result "0-1"]
[WhiteElo "1792"]
[BlackElo "2226"]
[PlyCount "52"]
[EventDate "2009.01.31"]
[EventType "swiss"]
[EventRounds "9"]
[EventCountry "ROU"]
[SourceTitle "CBM 128 Extra"]
[Source "ChessBase"]
[SourceDate "2009.03.05"]
[SourceVersion "2"]
[SourceVersionDate "2009.03.25"]
[SourceQuality "1"]

1. e4 c5 2. Nf3 d6 3. d4 cxd4 4. Nxd4 Nf6 5. Nc3 Nc6 6. Be3 Ng4 7. Qd2 Nxe3 8. Qxe3 g6 9. Bc4 Bg7 10. Nxc6 bxc6 11. Rd1 0-0 12. 0-0 Qb6 13. Qxb6 axb6 14. Rd3 b5 15. Bb3 b4 16. Ne2 Ba6 17. Rd2 Bxb2 18. Rb1 Bg7 19. Nd4 Rac8 20. Nf3 Bc3 21. Rdd1 Be2 22. Rdc1 Ra8 23. Kh1 e6 24. Ng1 Bb5 25. Rd1 Rfd8 26. f3 c5 0-1

[Event "ROM-ch (Women)"]
[Site "Napoca"]
[Date "2008.02.25"]
[Round "3"]
[White "Marin, Irina Luiza"]
[Black "Moldovan, Corina"]
[Result "0-1"]
[WhiteElo "2261"]
[BlackElo "2226"]
[PlyCount "102"]
[EventDate "2008.02.25"]
[EventType "swiss"]
[EventRounds "9"]
[EventCountry "ROU"]
[SourceTitle "CBM 123 Extra"]
[Source "ChessBase"]
[SourceDate "2008.05.06"]
[SourceVersion "1"]
[SourceVersionDate "2008.05.06"]
[SourceQuality "1"]

1. c4 g6 2. g3 Bg7 3. Bg2 c5 4. Nc3 Nc6 5. Nf3 d6 6. d3 e5 7. 0-0 Nge7 8. a3 0-0 9. Rb1 a5 10. Bg5 f6 11. Be3 Be6 12. Ne1 Rb8 13. Nc2 Nd4 14. b4 b6 15. Nd5 Nxd5 16. cxd5 Bg4 17. Nxd4 exd4 18. Bd2 axb4 19. axb4 Re8 20. Re1 Ra8 21. bxc5 bxc5 22. Rb2 Ra7 23. Qb1 Bf8 24. h3 Bf5 25. Rb7 Qa8 26. Rxa7 Qxa7 27. g4 Bd7 28. Bf3 Rb8 29. Qa1 Qb7 30. Bf4 g5 31. Bg3 f5 32. gxf5 Bxf5 33. Kh2 Bg6 34. h4 gxh4 35. Bxh4 Bg7 36. Qc1 Be5+ 37. Kh1 Qd7 38. Bg2 Rf8 39. Qg5 Bf4 40. Qe7 Qxe7 41. Bxe7 Re8 42. Bh4 Bxd3 43. Bf3 Bd2 44. Rg1+ Bg6 45. Bg3 Rd8 46. Rd1 Bg5 47. Kg1 Bf5 48. Kf1 c4 49. Rxd4 c3 50. Rc4 c2 51. e4 Bh3+ 0-1

[Event "ROM-ch (Women)"]
[Site "Napoca"]
[Date "2008.02.25"]
[Round "2"]
[White "Moldovan, Corina"]
[Black "Pall, Eva Boglarka"]
[Result "1-0"]
[WhiteElo "2226"]
[BlackElo "2028"]
[PlyCount "29"]
[EventDate "2008.02.25"]
[EventType "swiss"]
[EventRounds "9"]
[EventCountry "ROU"]
[SourceTitle "CBM 123 Extra"]
[Source "ChessBase"]
[SourceDate "2008.05.06"]
[SourceVersion "1"]
[SourceVersionDate "2008.05.06"]
[SourceQuality "1"]

1. e4 e5 2. Nf3 Nc6 3. Bb5 Bc5 4. 0-0 Nf6 5. Bxc6 dxc6 6. Nxe5 Nxe4 7. Qe2 Qd5 8. Nxc6 Be6 9. d4 Qxc6 10. dxc5 Nxc5 11. Nc3 0-0-0 12. Bf4 Rhe8 13. Nb5 Qa6 14. Qe5 Re7 15. Qxc5 1-0

[Event "ROM-ch (Women)"]
[Site "Napoca"]
[Date "2008.02.25"]
[Round "5"]
[White "Padurariu, Ioana Smaranda"]
[Black "Moldovan, Corina"]
[Result "1/2-1/2"]
[WhiteElo "2243"]
[BlackElo "2226"]
[PlyCount "83"]
[EventDate "2008.02.25"]
[EventType "swiss"]
[EventRounds "9"]
[EventCountry "ROU"]
[SourceTitle "CBM 123 Extra"]
[Source "ChessBase"]
[SourceDate "2008.05.06"]
[SourceVersion "1"]
[SourceVersionDate "2008.05.06"]
[SourceQuality "1"]

1. e4 c5 2. Nc3 Nc6 3. Bb5 Nd4 4. Bc4 e6 5. Nge2 Ne7 6. Nxd4 cxd4 7. Nb5 Nc6 8. c3 Bc5 9. b4 a6 10. bxc5 axb5 11. Bxb5 Qg5 12. 0-0 Qxc5 13. a4 Qe5 14. f4 Qxe4 15. f5 0-0 16. f6 Ne5 17. d3 Qg4 18. Qe1 Ng6 19. h3 Qh5 20. fxg7 Kxg7 21. Qf2 f6 22. Qxd4 Qe5 23. Qxe5 Nxe5 24. Ba3 Rf7 25. d4 Ng6 26. Bd6 Ne7 27. g4 Nd5 28. Rf3 b6 29. c4 Ne7 30. Rg3 Nc6 31. Rd3 Na7 32. Raa3 Bb7 33. Bc7 Nc8 34. c5 bxc5 35. dxc5 Bd5 36. Bd6 Na7 37. Kf2 Rh8 38. Rg3 Ra8 39. h4 Nc6 40. Bxc6 dxc6 41. Rg1 Rfa7 42. Rga1 1/2-1/2

[Event "Bucharest op"]
[Site "Bucharest"]
[Date "2007.09.??"]
[Round "?"]
[White "Doncea, Vladimir"]
[Black "Moldovan, Corina"]
[Result "1-0"]
[WhiteElo "2456"]
[BlackElo "2226"]
[PlyCount "67"]
[EventDate "2007.09.??"]
[EventType "swiss"]
[EventRounds "9"]
[EventCountry "ROU"]
[SourceTitle "EXT 2010"]
[Source "ChessBase"]
[SourceDate "2010.11.25"]
[SourceVersion "1"]
[SourceVersionDate "2010.11.25"]
[SourceQuality "1"]

1. g3 Nf6 2. Bg2 c5 3. Nf3 Nc6 4. d4 cxd4 5. Nxd4 g6 6. 0-0 Bg7 7. c4 0-0 8. Nc2 d6 9. Nc3 Nd7 10. Qd2 a5 11. b3 Nc5 12. Bb2 Be6 13. Rab1 a4 14. b4 Nd7 15. Nd5 Bxb2 16. Rxb2 Nb6 17. Nce3 Ne5 18. Rc1 Rc8 19. c5 Bxd5 20. Bxd5 Nxd5 21. Qxd5 Nd7 22. Rd1 Rc6 23. cxd6 Rxd6 24. Qxb7 Rxd1+ 25. Nxd1 Ne5 26. Ne3 Qd4 27. Rb1 e6 28. Qb5 a3 29. Qc5 Qe4 30. Rb3 Nd7 31. Qc4 Qb7 32. Rxa3 Rc8 33. Ra7 Qb8 34. Qa6 1-0

[Event "Bucharest op"]
[Site "Bucharest"]
[Date "2007.09.??"]
[Round "?"]
[White "Moldovan, Corina"]
[Black "Grunberg, Mihai Lucian"]
[Result "1/2-1/2"]
[WhiteElo "2226"]
[BlackElo "2472"]
[PlyCount "95"]
[EventDate "2007.09.??"]
[EventType "swiss"]
[EventRounds "9"]
[EventCountry "ROU"]
[SourceTitle "EXT 2010"]
[Source "ChessBase"]
[SourceDate "2010.11.25"]
[SourceVersion "1"]
[SourceVersionDate "2010.11.25"]
[SourceQuality "1"]

1. e4 d6 2. d4 Nf6 3. Nc3 g6 4. Nf3 Bg7 5. Be2 0-0 6. 0-0 c5 7. d5 e6 8. dxe6 Bxe6 9. e5 dxe5 10. Nxe5 Na6 11. Qxd8 Rfxd8 12. Bxa6 bxa6 13. Bg5 Rdb8 14. Nd1 Ne4 15. Bf4 g5 16. Re1 gxf4 17. Rxe4 Bd5 18. Re1 Re8 19. Nc3 Bxg2 20. Kxg2 Rxe5 21. Rxe5 Bxe5 22. Kf3 Rb8 23. Na4 c4 24. Re1 Bxb2 25. Rb1 Rb4 26. Rxb2 Rxa4 27. c3 Ra3 28. Rc2 Ra5 29. Kxf4 Rd5 30. Ke4 Rd3 31. f4 Kf8 32. a4 h5 33. Kf5 Kg7 34. Rg2+ Kf8 35. Rc2 h4 36. Kf6 Rd6+ 37. Kg5 h3 38. Rb2 Rb6 39. Re2 Kg7 40. Re3 Rd6 41. Rxh3 Rd3 42. Rg3 Rd2 43. Kf5+ Kf8 44. Rh3 Rd3 45. Rg3 Rd2 46. Rh3 Rd3 47. Rg3 Rd6 48. Kg5 1/2-1/2

[Event "Bucharest op"]
[Site "Bucharest"]
[Date "2007.09.??"]
[Round "?"]
[White "Traistaru, Teodora"]
[Black "Moldovan, Corina"]
[Result "1/2-1/2"]
[WhiteElo "2137"]
[BlackElo "2226"]
[PlyCount "38"]
[EventDate "2007.09.??"]
[EventType "swiss"]
[EventRounds "9"]
[EventCountry "ROU"]
[SourceTitle "EXT 2010"]
[Source "ChessBase"]
[SourceDate "2010.11.25"]
[SourceVersion "1"]
[SourceVersionDate "2010.11.25"]
[SourceQuality "1"]

1. e4 c5 2. Nc3 Nc6 3. Nf3 d6 4. Bb5 Bd7 5. a4 Nf6 6. d3 g6 7. h3 Bg7 8. Be3 a6 9. Bxc6 Bxc6 10. Qd2 b5 11. Bh6 0-0 12. 0-0 e5 13. Bxg7 Kxg7 14. axb5 axb5 15. Rxa8 Qxa8 16. Nh4 Ng8 17. f4 f6 18. Nd1 Kh8 19. fxe5 fxe5 1/2-1/2

[Event "EU-ch rapid (Women)"]
[Site "Predeal"]
[Date "2007.08.09"]
[Round "7"]
[White "Moldovan, Corina"]
[Black "Marin, Irina Luiza"]
[Result "1/2-1/2"]
[WhiteElo "2226"]
[BlackElo "2261"]
[PlyCount "103"]
[EventDate "2007.08.08"]
[EventType "swiss (rapid)"]
[EventRounds "9"]
[EventCountry "ROU"]
[SourceTitle "CBM 120 Extra"]
[Source "ChessBase"]
[SourceDate "2007.11.01"]
[SourceVersion "1"]
[SourceVersionDate "2007.11.01"]
[SourceQuality "1"]

1. e4 d6 2. d4 Nf6 3. Nc3 g6 4. Nf3 Bg7 5. Bf4 Nc6 6. Qd2 0-0 7. 0-0-0 Bg4 8. Be2 Bxf3 9. Bxf3 e5 10. dxe5 dxe5 11. Be3 Qe7 12. Nd5 Nxd5 13. exd5 Nd4 14. Be4 Nb5 15. f3 Nd6 16. h4 Nc4 17. Bg5 Nxd2 18. Bxe7 Nxe4 19. fxe4 Rfe8 20. d6 cxd6 21. Bxd6 Rac8 22. b3 b5 23. Rd5 Rc6 24. Rf1 a6 25. Bb4 Rec8 26. Rf2 Bh6+ 27. Kd1 Bf4 28. Rd3 h5 29. g3 Bh6 30. Rd7 f6 31. Re2 R8c7 32. Rxc7 Rxc7 33. Bd2 Bg7 34. Re3 Rd7 35. Ke2 Rd4 36. Bc3 Rd7 37. Rd3 Rc7 38. Kd1 Kf7 39. Ba5 Rc6 40. Rd7+ Kg8 41. Kd2 Bf8 42. Kd3 Rd6+ 43. Rxd6 Bxd6 44. c4 Bc5 45. Be1 b4 46. Ke2 Kf7 47. Bf2 Bxf2 48. Kxf2 Ke6 49. Ke3 f5 50. Kd3 Kd6 51. Ke3 Kc5 52. Kd3 1/2-1/2

[Event "EU-ch rapid (Women)"]
[Site "Predeal"]
[Date "2007.08.08"]
[Round "6"]
[White "Voiska, Margarita"]
[Black "Moldovan, Corina"]
[Result "1-0"]
[WhiteElo "2314"]
[BlackElo "2226"]
[PlyCount "70"]
[EventDate "2007.08.08"]
[EventType "swiss (rapid)"]
[EventRounds "9"]
[EventCountry "ROU"]
[SourceTitle "CBM 120 Extra"]
[Source "ChessBase"]
[SourceDate "2007.11.01"]
[SourceVersion "1"]
[SourceVersionDate "2007.11.01"]
[SourceQuality "1"]

1. d4 d5 2. c4 e6 3. g3 Nf6 4. Bg2 dxc4 5. Nf3 Be7 6. 0-0 0-0 7. Na3 Bxa3 8. bxa3 Nbd7 9. Rb1 c5 10. dxc5 Nxc5 11. Qc2 b6 12. Be3 Bb7 13. Bxc5 Be4 14. Qxc4 Rc8 15. Rbc1 Rxc5 16. Qb4 Qc7 17. Rxc5 bxc5 18. Rc1 Rc8 19. Qa4 Bd5 20. Nd2 Bxa2 21. e4 e5 22. Bh3 Rd8 23. Qc2 Be6 24. Bxe6 fxe6 25. Nb3 c4 26. Qxc4 Qxc4 27. Rxc4 Rd3 28. Rc8+ Kf7 29. Rc7+ Kg6 30. Nc5 Rxa3 31. Nxe6 Nxe4 32. Nf8+ Kh6 33. Rc4 Rf3 34. Nd7 Nxf2 35. Nxe5 Rf5 1-0

[Event "ROM-ch (Women)"]
[Site "Amara"]
[Date "2007.02.21"]
[Round "7"]
[White "Moldovan, Corina"]
[Black "L'Ami, Alina"]
[Result "0-1"]
[WhiteElo "2226"]
[BlackElo "2311"]
[PlyCount "70"]
[EventDate "2007.02.16"]
[EventType "swiss"]
[EventRounds "9"]
[EventCountry "ROU"]
[SourceTitle "EXT 2010"]
[Source "ChessBase"]
[SourceDate "2010.11.25"]
[SourceVersion "1"]
[SourceVersionDate "2010.11.25"]
[SourceQuality "1"]

1. e4 c5 2. Nc3 Nc6 3. Nge2 g6 4. d4 cxd4 5. Nxd4 Bg7 6. Nde2 d6 7. g3 Bg4 8. Bg2 Nd4 9. Qd3 Nxe2 10. Nxe2 Nf6 11. h3 Bd7 12. 0-0 Qc8 13. Kh2 h5 14. f3 Be6 15. Be3 Bc4 16. Qd2 Nd7 17. c3 a5 18. f4 0-0 19. Bd4 e5 20. Be3 a4 21. f5 Nf6 22. Bg5 Qc6 23. Rae1 Nxe4 24. Bxe4 Qxe4 25. b3 axb3 26. axb3 Bxb3 27. Nd4 Qd5 28. Nxb3 Qxb3 29. Re2 f6 30. Bh6 g5 31. Bxg7 Kxg7 32. Qxd6 Qxc3 33. Qb6 Rf7 34. Rff2 Ra3 35. Rg2 h4 0-1

[Event "ROM-ch (Women)"]
[Site "Amara"]
[Date "2007.02.16"]
[Round "3"]
[White "Moldovan, Corina"]
[Black "Dragomirescu, Angela"]
[Result "1/2-1/2"]
[WhiteElo "2226"]
[BlackElo "2225"]
[PlyCount "47"]
[EventDate "2007.02.16"]
[EventType "swiss"]
[EventRounds "9"]
[EventCountry "ROU"]
[SourceTitle "EXT 2010"]
[Source "ChessBase"]
[SourceDate "2010.11.25"]
[SourceVersion "1"]
[SourceVersionDate "2010.11.25"]
[SourceQuality "1"]

1. e4 d6 2. d4 Nf6 3. Nc3 g6 4. Bf4 c6 5. Qd2 b5 6. Bd3 Nbd7 7. Nf3 Nb6 8. h3 Bg7 9. 0-0 0-0 10. Rfe1 Bb7 11. e5 dxe5 12. dxe5 Nfd5 13. Nxd5 Nxd5 14. Bh6 f5 15. exf6 exf6 16. Bxg7 Kxg7 17. Nd4 Nc7 18. Qc3 Qd6 19. Nb3 Rae8 20. Qc5 Qxc5 21. Nxc5 Bc8 22. Be4 Re5 23. Nd3 Re6 24. Bf3 1/2-1/2